000 00935nam a2200301 c 4500
999 _c343465
_d343465
003 BLK
005 20191001105917.0
008 180911b bul|||||r ||||||| ||bul||
010 _a003126
040 _aBLK
041 _aDEU
_cBUL
080 _z830-1.09
100 1 _eпърви автор
_9397531
245 1 0 _aDas DEUTSCHE Volkslied
246 _bDEUTSCHE Volkslied, das
_pлирика-народни песни
250 _a2. verm. und verb. Aufl
260 _aLeipzig
_bG. J. Goschen
_c1905
300 _a189 с
_c15 см
380 _a82
490 _aSamml. Goschen
490 _aЧастна колекция - Академик Михаил Арнаудов
_gДарение - Основен фонд
653 _aлирика
653 _aнародни песни
655 _aЛитературознание
_9396446
700 1 _aAusgew. und erl. von Julius Sahr
_9397532
852 _aМА 847
942 _cKNG
_n0
_s1
944 _aCR
_c1996
_kValK
999 _d343465